Jang terempas dan terkandas / (Record no. 84184)

MARC details
000 -LEADER
fixed length control field 00733cam a22002411a 4500
001 - CONTROL NUMBER
control field sa 68011918
003 - CONTROL NUMBER IDENTIFIER
control field DLC
005 - DATE AND TIME OF LATEST TRANSACTION
control field 20260227112605.0
008 - FIXED-LENGTH DATA ELEMENTS--GENERAL INFORMATION
fixed length control field 950414s1965 io a 000 1 ind
010 ## - LIBRARY OF CONGRESS CONTROL NUMBER
LC control number sa 68011918
025 ## - OVERSEAS ACQUISITION NUMBER
Overseas acquisition number PL480:Indo-4155
035 ## - SYSTEM CONTROL NUMBER
System control number (OCoLC)32305965
040 ## - CATALOGING SOURCE
Original cataloging agency DLC
Transcribing agency WU
Modifying agency DLC
042 ## - AUTHENTICATION CODE
Authentication code premarc
050 00 - LIBRARY OF CONGRESS CALL NUMBER
Classification number PL5089.S8
Item number J3 1965
100 1# - MAIN ENTRY--PERSONAL NAME
Personal name Sutiasumarga, Rusman,
Dates associated with a name 1917-
245 10 - TITLE STATEMENT
Title Jang terempas dan terkandas /
Statement of responsibility, etc. oleh Rusman Sutiasumarga; Dihiasi 7 gambar oleh Bahar.
250 ## - EDITION STATEMENT
Edition statement Tjet. 4.
260 ## - PUBLICATION, DISTRIBUTION, ETC.
Place of publication, distribution, etc. Djakarta :
Name of publisher, distributor, etc. Balai Pustaka,
Date of publication, distribution, etc. 1965.
300 ## - PHYSICAL DESCRIPTION
Extent 127 p. :
Other physical details ill. ;
Dimensions 19 cm.
650 #0 - SUBJECT ADDED ENTRY--TOPICAL TERM
Topical term or geographic name entry element Short stories, Indonesian.
651 #0 - SUBJECT ADDED ENTRY--GEOGRAPHIC NAME
Geographic name Indonesia
General subdivision History
Chronological subdivision Revolution, 1945-1949
Form subdivision Fiction.

No items available.

Powered by Koha